000 00729nam a2200205 a 4500
008 120416s1980 ||||||||||||||||| || u
020 _a0070546274
050 _aHF 5548.2 San
100 _aSanders, Donald H
245 1 0 _aComputers and management in a changing society
250 _a3rd ed.
260 _aNew York:
_bMcGraw-Hill
_c1980
300 _axvii, 490 p.: ill.
350 _a0.00
500 _aIncludes bibliographical references and index.
650 _aMANAGEMENT INFORMATION SYSTEMS
650 _aBUSINESS--DATA PROCESSING
700 _aBirkin, Stanley J
995 _D0.00
_FCBU-MAIN LIBRARY (Kitwe)
_H1
_I5.00
_M1
_UDAMAGED
_ZMain Library Open Access Collection
999 _c38285
_d38285